En vez de la miseria

שמור ב:
מידע ביבליוגרפי
מחבר ראשי: Ahumada C., Jorge (Author)
פורמט: ספר
שפה:ספרדית
יצא לאור: Santiago Del pacífico 1958
מהדורה:2a. ed
סדרה:Biblioteca de Economía: Colección Rostro de Chile
נושאים:
תגים: הוספת תג
אין תגיות, היה/י הראשונ/ה לתייג את הרשומה!

MARC

LEADER 00000cam a2200000 a 4500
001 UCT9976
003 CL-VaPUC
008 970418e19580000CL |||||||||||||||||spa|d
082 0 4 |a 330.9  |b AHU  |2 21 
100 0 |a Ahumada C., Jorge  |e author  |9 383059 
245 1 0 |a En vez de la miseria 
250 |a 2a. ed 
300 |a 183 p 
942 |c BK 
945 |d 19970418 00:00:00  |a amoreno 
260 |a Santiago  |b Del pacífico  |c 1958 
650 7 |a CRISIS  |2 CL-VaPUC  |9 328300 
650 7 |a DEPRESION MUNDIAL  |2 CL-VaPUC  |9 383060 
650 0 |a Educación  |9 258661 
650 0 |a Democracia  |9 255256 
650 0 |a Economía   |9 255568 
650 0 |a REFORMA AGRARIA  |9 256789 
583 |a last modification  |c 20190405 01:43:09  |k Rodrigo Vera 
490 0 |a Biblioteca de Economía: Colección Rostro de Chile 
999 |c 258278  |d 258276 
952 |0 0  |1 0  |4 0  |6 330_900000000000000_AHU_1958  |7 0  |8 A  |9 282253  |a BIBGIM  |b BIBGIM  |d 2019-11-19  |i 3276473  |o 330.9 AHU 1958  |p 3276473  |r 2025-01-15  |w 2019-11-19  |y BK  |k COM 
952 |0 0  |1 0  |3 erb  |4 0  |6 330_900000000000000_AHU_1958  |7 0  |8 A  |9 282254  |a BIBHIS  |b BIBHIS  |i 5144086  |o 330.9 AHU 1958  |p 5144086  |r 2025-01-20  |w 2019-11-19  |y BK  |z Catalogado en:20150402  |k HIS 
952 |0 0  |1 0  |3 erb  |4 0  |6 330_900000000000000_AHU_1958  |7 0  |8 X  |9 282255  |a FDOBUD  |b FDOBUD  |i 5542073  |o 330.9 AHU 1958  |p 5542073  |r 2019-11-19  |w 2019-11-19  |y BK_X  |z Catalogado en:20190409  |k BUD